<?xml version="1.0" encoding="UTF-8"?>
<record
    xmlns:xsi="http://www.w3.org/2001/XMLSchema-instance"
    xsi:schemaLocation="http://www.loc.gov/MARC21/slim http://www.loc.gov/standards/marcxml/schema/MARC21slim.xsd"
    xmlns="http://www.loc.gov/MARC21/slim">

  <leader>02147nam a22001937a 4500</leader>
  <controlfield tag="003">OSt</controlfield>
  <controlfield tag="005">20260408092713.0</controlfield>
  <controlfield tag="008">260407b        |||||||| |||| 00| 0 SPA d</controlfield>
  <datafield tag="082" ind1=" " ind2=" ">
    <subfield code="2">9583200611</subfield>
  </datafield>
  <datafield tag="100" ind1=" " ind2=" ">
    <subfield code="a">JUAN ANTONIO OLLERO </subfield>
  </datafield>
  <datafield tag="245" ind1=" " ind2=" ">
    <subfield code="a">APRENDE INGLES  MI PRIMERA GRAMATICA  VOL1</subfield>
  </datafield>
  <datafield tag="250" ind1=" " ind2=" ">
    <subfield code="a">1RA EDICION </subfield>
    <subfield code="b">1</subfield>
  </datafield>
  <datafield tag="260" ind1=" " ind2=" ">
    <subfield code="a">BARCELONA - ESPA&#xD1;A </subfield>
    <subfield code="b">GRUPO EDITORIAL OCEANO </subfield>
    <subfield code="c">1986 y 1987</subfield>
  </datafield>
  <datafield tag="300" ind1=" " ind2=" ">
    <subfield code="a"> 126 a 128 p&#xE1;ginas.</subfield>
    <subfield code="c"> 18 x 25 cm</subfield>
  </datafield>
  <datafield tag="490" ind1=" " ind2=" ">
    <subfield code="3"> tapa dura (carton&#xE9;).</subfield>
  </datafield>
  <datafield tag="520" ind1=" " ind2=" ">
    <subfield code="a">l objetivo central del libro es simplificar la comprensi&#xF3;n de las estructuras gramaticales mediante un m&#xE9;todo visual y progresivo. Sus puntos clave incluyen:Fundamentos del idioma: Explica de forma clara y sencilla las bases de la gram&#xE1;tica inglesa, como el uso de pronombres, el verbo to be, los art&#xED;culos y los tiempos verbales b&#xE1;sicos (presente, pasado y futuro).Aprendizaje visual: Utiliza abundantes ilustraciones y diagramas que ayudan a los principiantes a asociar conceptos gramaticales con situaciones cotidianas, facilitando la retenci&#xF3;n de informaci&#xF3;n.Pronunciaci&#xF3;n: Muchas ediciones incluyen gu&#xED;as fon&#xE9;ticas para que el estudiante no solo aprenda a escribir correctamente, sino tambi&#xE9;n a pronunciar de manera adecuada desde el inicio.Estructura progresiva: El material est&#xE1; dividido en lecciones que aumentan gradualmente su dificultad, permitiendo que el lector construya oraciones cada vez m&#xE1;s complejas, describa personas y lugares, y exprese habilidades o preferencias</subfield>
  </datafield>
  <datafield tag="650" ind1=" " ind2=" ">
    <subfield code="a">C&#xF3;mo se lee Aprende Ingl&#xE9;s: Una gu&#xED;a inicial sobre el uso del libro y su metodolog&#xED;a.La gram&#xE1;tica: Introducci&#xF3;n general al concepto de reglas ling&#xFC;&#xED;sticas en el idioma ingl&#xE9;s.</subfield>
    <subfield code="x">Fundamentos de la Oraci&#xF3;n: Sujeto, verbos auxiliares y el uso esencial del verbo to be.Categor&#xED;as Gramaticales: Estudio de art&#xED;culos (definidos e indefinidos), sustantivos y adjetivos posesivos.Vocabulario Estructural: Los n&#xFA;meros (cardinales y ordinales), d&#xED;as de la semana, meses y fechas.Expresiones Cotidianas: Secciones dedicadas a saludos, presentaciones personales e informaci&#xF3;n b&#xE1;sica sobre pertenencias y entorno.</subfield>
  </datafield>
  <datafield tag="942" ind1=" " ind2=" ">
    <subfield code="2">ddc</subfield>
    <subfield code="c">BKA</subfield>
    <subfield code="e">1</subfield>
    <subfield code="n">0</subfield>
  </datafield>
  <datafield tag="952" ind1=" " ind2=" ">
    <subfield code="0">0</subfield>
    <subfield code="1">0</subfield>
    <subfield code="2">ddc</subfield>
    <subfield code="4">0</subfield>
    <subfield code="7">0</subfield>
    <subfield code="8">E03</subfield>
    <subfield code="a">ISUS</subfield>
    <subfield code="b">ISUS</subfield>
    <subfield code="c">Biblioteca Abierta</subfield>
    <subfield code="d">2026-04-07</subfield>
    <subfield code="e">IDIOMAS </subfield>
    <subfield code="f">0473</subfield>
    <subfield code="i">0473</subfield>
    <subfield code="l">0</subfield>
    <subfield code="o">INGLES </subfield>
    <subfield code="p">IDIOMA0473</subfield>
    <subfield code="r">2026-04-07 13:12:30</subfield>
    <subfield code="t">1</subfield>
    <subfield code="w">2026-04-07</subfield>
    <subfield code="y">BKA</subfield>
  </datafield>
  <datafield tag="999" ind1=" " ind2=" ">
    <subfield code="c">2049</subfield>
    <subfield code="d">2049</subfield>
  </datafield>
</record>
